• 首页
  • 本馆介绍
  • 公告通知
  • 最新文献
  • 馆藏检索
  • 电子资源
  • 读者导购
  • 参考咨询
  • 我的图书馆
  • 登录
  • 详细信息显示
  • 放入我的书架
  • 预约/预借图书
  • 作者相关作品
  • 分类相关作品
  • 丛书相关作品
  • 出版社相关作品

书目信息

  • 表格格式
  • 工作单格式
  • 卡片格式
题名:
商品管理
    
 
作者: 杨大筠 主编
分册:  
出版信息: 北京   中国纺织出版社  2005
页数:
开本: 26cm
丛书名: 中国服饰业经营实战丛书
单 册:
中图分类: F768.34
科图分类:
主题词: 商品学
电子资源:
ISBN: 7-5064-3166-1
000 00590nam0 2200205 450
001 0754114953
005 20070929150154.95
010    @a7-5064-3166-1
100    @a20070929d km y0chiy0120 ea
101 0  @achi
200 1  @a商品管理@Ashang pin guan li@f杨大筠 主编@Fyang da jun zhu bian
210    @a北京@c中国纺织出版社@d2005
215    @c插图@d26cm@e光盘1张
225 2  @a中国服饰业经营实战丛书
410  0 @12001 @a中国服饰业经营实战丛书
606 0  @a商品学
690    @aF768.34@v3
701  0 @a杨大筠@Ayang da jun@4主编
801  0 @aCN@bPFT@c20070929
905    @a213230@dF768.34@eh4@f1
    
    商品管理/杨大筠 主编.-北京:中国纺织出版社,2005
    插图;26cm+光盘1张.-(中国服饰业经营实战丛书)
    
    
    ISBN 7-5064-3166-1:
    
●
相关链接 在E读中查询图书 在五车中查询图书 在当当中查询图书 在豆瓣中查询图书


正题名:商品管理     索取号:F768.34/h4         预约/预借

序号 登录号 条形码 馆藏地/架位号 状态 备注
1 6001881   260018812   密集书库-化学系/ [索取号:F768.34/h4] 在馆    
唐山师范学院图书馆 欢迎您!
大连网信软件有限公司© 版权所有